<?xml version="1.0" encoding="UTF-8"?>
<collection xmlns:xsi="http://www.w3.org/2001/XMLSchema-instance" xsi:schemaLocation="http://www.loc.gov/MARC21/slim http://www.loc.gov/standards/marcxml/schema/MARC21slim.xsd" xmlns="http://www.loc.gov/MARC21/slim">
 <record>
  <leader>00000ctm a22000004a 4500</leader>
  <controlfield tag="001">UP-99796217613162862</controlfield>
  <controlfield tag="003">Buklod</controlfield>
  <controlfield tag="005">20191028131042.0</controlfield>
  <controlfield tag="006">m    |o  d |      </controlfield>
  <controlfield tag="007">ta</controlfield>
  <controlfield tag="008">191028s2019    xx     d     r    |||| u|</controlfield>
  <datafield tag="035" ind1=" " ind2=" ">
   <subfield code="a">(iLib)UPD-00414267555</subfield>
  </datafield>
  <datafield tag="040" ind1=" " ind2=" ">
   <subfield code="a">DARC</subfield>
   <subfield code="e">rda</subfield>
  </datafield>
  <datafield tag="041" ind1=" " ind2=" ">
   <subfield code="a">eng</subfield>
  </datafield>
  <datafield tag="042" ind1=" " ind2=" ">
   <subfield code="a">DMLUC</subfield>
  </datafield>
  <datafield tag="090" ind1=" " ind2=" ">
   <subfield code="a">LG 993.5 2019 A7</subfield>
   <subfield code="b">A73</subfield>
  </datafield>
  <datafield tag="100" ind1="1" ind2=" ">
   <subfield code="a">Arancillo, Urien F.</subfield>
   <subfield code="e">author.</subfield>
  </datafield>
  <datafield tag="245" ind1="1" ind2="0">
   <subfield code="a">Patubas</subfield>
   <subfield code="b">the Western Rice Research and Farmer's Training and Livelihood Complex</subfield>
   <subfield code="c">Urien F. Arancillo ; Dolores Cecilia T. Madrid, adviser.</subfield>
  </datafield>
  <datafield tag="264" ind1=" " ind2="1">
   <subfield code="a">Quezon City</subfield>
   <subfield code="b">College of Architecture, University of the Philippines Diliman</subfield>
   <subfield code="c">May 2019.</subfield>
  </datafield>
  <datafield tag="300" ind1=" " ind2=" ">
   <subfield code="a">117 leaves</subfield>
   <subfield code="b">illustrations (some color)</subfield>
   <subfield code="c">28 cm. +</subfield>
   <subfield code="e">CD-ROM (4 3/4 in.).</subfield>
  </datafield>
  <datafield tag="336" ind1=" " ind2=" ">
   <subfield code="a">text</subfield>
   <subfield code="2">rdacontent</subfield>
  </datafield>
  <datafield tag="337" ind1=" " ind2=" ">
   <subfield code="a">unmediated</subfield>
   <subfield code="2">rdamedia</subfield>
  </datafield>
  <datafield tag="338" ind1=" " ind2=" ">
   <subfield code="a">volume</subfield>
   <subfield code="2">rdacarrier</subfield>
  </datafield>
  <datafield tag="502" ind1=" " ind2=" ">
   <subfield code="a">Thesis (Bachelor of Science in Architecture) -- University of the Philippines Diliman</subfield>
   <subfield code="d">May 2019.</subfield>
  </datafield>
  <datafield tag="520" ind1="3" ind2=" ">
   <subfield code="a">With the Philippines being a predominantly agricultural-dependent country, focusing in rice, the government granted a priority in its research and development.  An upgrade in the country's rural infrastructures was found to be critical to the overall agricultural development.  But currently, most of the current rice research facilities are concentrated in the Luzon area and with Western Visayas being the third highest palay producer among the regions, it should also be connected to the leading institutions to further promulgate its continued development.  The provision of modern R&amp;D (research and development) facilities is a key point in the efficient and effective generation of marketable technologies.  &quot;Patubas : the Western Visayas Rice Research and Farmers' Training and Livelihood Complex&quot; proposes a design for a rice research and farmers' training and livelihood complex in Oton, Iloilo which will be a congregation of spaces that will serve to address the several agendas on research, education and community development.  It is a venue where scientists can work and collaborate in a high tech environment to support and make agricultural advancements in the field of rice research and interact with the different target users respectively.  Farmers will be given the opportunity to train, learn and interact in the development to further facilitate the improvement of each of their livelihood.  The project aims to serve as a bridge in connecting the leading institutions in the country to further promulgate the continued development in rice research and strengthen the livelihood of the present site community.</subfield>
  </datafield>
  <datafield tag="650" ind1=" " ind2="0">
   <subfield code="a">Farmers</subfield>
   <subfield code="x">Training and livelihood.</subfield>
  </datafield>
  <datafield tag="700" ind1="1" ind2=" ">
   <subfield code="a">Madrid, Dolores Cecilia T.</subfield>
   <subfield code="e">thesis adviser.</subfield>
  </datafield>
  <datafield tag="905" ind1=" " ind2=" ">
   <subfield code="a">FI</subfield>
  </datafield>
  <datafield tag="852" ind1="0" ind2=" ">
   <subfield code="a">UPD</subfield>
   <subfield code="b">DARC</subfield>
   <subfield code="h">LG 993.5 2019 A7</subfield>
   <subfield code="i">A73</subfield>
  </datafield>
  <datafield tag="942" ind1=" " ind2=" ">
   <subfield code="a">Thesis</subfield>
  </datafield>
 </record>
</collection>
